The meaning of Internal Balance (Registro nro. 26478)
[ vista simple ]
| 000 -LEADER | |
|---|---|
| fixed length control field | 00318 a2200109 4500 |
| 001 - CONTROL NUMBER | |
| control field | ART_12583 |
| 005 - DATE AND TIME OF LATEST TRANSACTION | |
| control field | 20260410161907.0 |
| 008 - FIXED-LENGTH DATA ELEMENTS--GENERAL INFORMATION | |
| fixed length control field | 260409a |
| 100 1# - MAIN ENTRY--PERSONAL NAME | |
| Personal name | Meade, James E. |
| 245 10 - TITLE STATEMENT | |
| Title | The meaning of Internal Balance |
| 773 0# - HOST ITEM ENTRY | |
| Title | The Economic Journal |
| Related parts | - Vol. 88, Nº 351 (set. 1978) |
| Record control number | REV12512 |
No hay ítems disponibles.